| 000 | 00654nam a2200205Ia 4500 | ||
|---|---|---|---|
| 001 | 3216 | ||
| 003 | GE_BSU | ||
| 008 | 181216s||||||||xx |||||||||||||| ||und|| | ||
| 040 | _cGE_BSU | ||
| 080 | _a530.0+539.1 | ||
| 100 | _aСавельев,И.В. | ||
| 245 | _aКурс общей физики. Ортика, атомная физика; Физика атомного ядра и элементарных частиц. Т.III. | ||
| 245 | _cРед. В.А.Григорева. | ||
| 260 | _aМ. | ||
| 260 | _bНаука. | ||
| 260 | _c1967. | ||
| 300 | _a416 стр. 21 см. с илл. | ||
| 653 | _aКурс общей физики. | ||
| 942 | _cBK | ||
| 999 |
_c37257 _d37257 |
||